00599cam a22001813a 450000100060000000300060000600500170001200800410002904000150007004200070008524501290009226000290022150600300025051600200028070000460030083000290034685600420037541810PGUSA20140828083937.0130110s2013||||xxu|||||s|||||000 | eng d aPGUSAbeng adc12aA Spanish Anthology :b  A Collection of Lyrics from the Thirteenth Century Down to the Present Timeh[electronic resource] bProject Gutenberg,c2013 aPublic domain in the USA. aElectronic text1 aFord, J. D. M.q(Jeremiah Denis Matthias) 0aProject Gutenbergv4181040uhttp://www.gutenberg.org/ebooks/41810